[Event "2nd Sharjah Masters International Chess Championship"]
[Site "Sharjah Culture & Chess Club"]
[Date "2018.04.19"]
[Round "9"]
[Board "21"]
[White "Sundararajan, Kidambi"]
[Black "Abou El Zein, Eid Mahmoud"]
[Result "1-0"]
[WhiteElo "2436"]
[BlackElo "2156"]
[PlyCount "0"]
[EventDate "2018.04.12"]
[EventRounds "9"]
[EventCountry "UAE"]

1. d4 {[%clk 1:30:50]} f5 {[%clk 1:28:52]} 2. Nf3 {[%clk 1:30:26]} Nf6
{[%clk 1:29:01]} 3. e3 {[%clk 1:30:44]} g6 {[%clk 1:29:24]} 4. b4
{[%clk 1:30:52]} Bg7 {[%clk 1:29:44]} 5. Bb2 {[%clk 1:31:13]} O-O
{[%clk 1:24:47]} 6. Nbd2 {[%clk 1:31:15]} e6 {[%clk 1:23:53]} 7. Bd3
{[%clk 1:31:01]} Qe7 {[%clk 1:23:41]} 8. a3 {[%clk 1:30:39]} b6 {[%clk 1:18:55]}
9. c4 {[%clk 1:28:46]} Bb7 {[%clk 1:17:34]} 10. Qc2 {[%clk 1:28:23]} d6
{[%clk 1:12:43]} 11. O-O {[%clk 1:28:35]} Nbd7 {[%clk 1:06:33]} 12. Rfe1
{[%clk 1:26:51]} e5 {[%clk 0:56:36]} 13. e4 {[%clk 1:20:26]} f4 {[%clk 0:56:29]}
14. c5 {[%clk 1:19:04]} bxc5 {[%clk 0:54:19]} 15. bxc5 {[%clk 1:18:06]} Rab8
{[%clk 0:52:32]} 16. Rab1 {[%clk 1:12:07]} dxc5 {[%clk 0:48:49]} 17. dxe5
{[%clk 1:11:49]} Ng4 {[%clk 0:49:12]} 18. e6 {[%clk 1:08:15]} Nde5
{[%clk 0:49:21]} 19. Nxe5 {[%clk 1:04:01]} Nxe5 {[%clk 0:49:47]} 20. Bxe5
{[%clk 1:03:46]} Bxe5 {[%clk 0:49:12]} 21. Nf3 {[%clk 1:03:06]} Bg7
{[%clk 0:47:25]} 22. Rb5 {[%clk 0:57:41]} Rfd8 {[%clk 0:32:16]} 23. Bf1
{[%clk 0:54:08]} c6 {[%clk 0:28:36]} 24. Qxc5 {[%clk 0:50:18]} Kf8
{[%clk 0:24:07]} 25. Qxe7+ {[%clk 0:45:37]} Kxe7 {[%clk 0:24:34]} 26. Rc5
{[%clk 0:39:03]} Kxe6 {[%clk 0:19:10]} 27. e5 {[%clk 0:38:45]} Ke7
{[%clk 0:18:02]} 28. Ra5 {[%clk 0:36:35]} a6 {[%clk 0:17:01]} 29. Rb1
{[%clk 0:33:14]} c5 {[%clk 0:14:05]} 30. Rxc5 {[%clk 0:30:16]} Bxf3
{[%clk 0:14:19]} 31. Rxb8 {[%clk 0:30:38]} Rxb8 {[%clk 0:14:47]} 32. gxf3
{[%clk 0:30:58]} Rb1 {[%clk 0:10:29]} 33. Rc7+ {[%clk 0:27:47]} Kf8
{[%clk 0:10:53]} 34. e6 {[%clk 0:27:25]} Re1 {[%clk 0:10:53]} 35. Rf7+
{[%clk 0:27:08]} Kg8 {[%clk 0:11:13]} 36. Rxf4 {[%clk 0:27:24]} Bf8
{[%clk 0:09:52]} 37. Kg2 {[%clk 0:22:54]} Bxa3 {[%clk 0:09:16]} 38. Bxa6
{[%clk 0:22:39]} Kg7 {[%clk 0:09:27]} 39. Bc4 {[%clk 0:21:32]} Kh6
{[%clk 0:06:24]} 40. Rf7 {[%clk 0:20:09]} Rc1 {[%clk 0:05:02]} 41. Bb5
{[%clk 0:16:08]} Re1 {[%clk 0:04:05]} 42. Bd7 {[%clk 0:15:39]} Bc5
{[%clk 0:04:10]} 43. f4 {[%clk 0:14:43]} Re2 {[%clk 0:03:15]} 44. Kg3
{[%clk 0:14:14]} Re1 {[%clk 0:03:10]} 45. Kf3 {[%clk 0:12:32]} Bd6
{[%clk 0:03:05]} 46. h4 {[%clk 0:11:43]} Bc5 {[%clk 0:02:46]} 47. f5
{[%clk 0:09:23]} gxf5 {[%clk 0:03:03]} 48. Rf6+ {[%clk 0:08:00]} Kg7
{[%clk 0:02:16]} 49. Rxf5 {[%clk 0:08:24]} Bb4 {[%clk 0:01:51]} 50. Kg4
{[%clk 0:07:46]} Re4+ {[%clk 0:01:22]} 51. Kh5 {[%clk 0:06:55]} Bd6
{[%clk 0:01:03]} 52. f3 {[%clk 0:06:26]} Re1 {[%clk 0:01:11]} 53. Rf7+
{[%clk 0:06:35]} Kg8 {[%clk 0:01:39]} 54. f4 {[%clk 0:06:22]} Re4
{[%clk 0:01:08]} 55. Kg5 {[%clk 0:04:58]} Bb4 {[%clk 0:01:11]} 56. h5
{[%clk 0:04:40]} Bc5 {[%clk 0:00:59]} 57. h6 {[%clk 0:04:52]} Re1
{[%clk 0:00:52]} 58. Rg7+ {[%clk 0:04:28]} Kh8 {[%clk 0:01:20]} 59. Kf6
{[%clk 0:03:23]} Re4 {[%clk 0:00:53]} 60. Rg4 {[%clk 0:03:17]} Bf8
{[%clk 0:01:00]} 61. Kf7 {[%clk 0:03:18]} 1-0

[Event "2nd Sharjah Masters International Chess Championship"]
[Site "Sharjah Culture & Chess Club"]
[Date "2018.04.19"]
[Round "9"]
[Board "22"]
[White "Ashwath, R."]
[Black "Rajdeep, Sarkar"]
[Result "1/2-1/2"]
[WhiteElo "2250"]
[BlackElo "2393"]
[PlyCount "0"]
[EventDate "2018.04.12"]
[EventRounds "9"]
[EventCountry "UAE"]

1. d4 {[%clk 1:28:55]} e6 {[%clk 1:30:55]} 2. c4 {[%clk 1:29:22]} b6
{[%clk 1:31:22]} 3. e4 {[%clk 1:29:47]} Bb7 {[%clk 1:31:50]} 4. Bd3
{[%clk 1:30:05]} Bb4+ {[%clk 1:32:15]} 5. Bd2 {[%clk 1:28:14]} Bxd2+
{[%clk 1:32:39]} 6. Qxd2 {[%clk 1:27:01]} f5 {[%clk 1:28:02]} 7. Nc3
{[%clk 1:17:19]} Nf6 {[%clk 1:19:44]} 8. f3 {[%clk 1:13:27]} O-O {[%clk 1:11:44]}
9. exf5 {[%clk 1:08:53]} exf5 {[%clk 1:11:15]} 10. Bxf5 {[%clk 0:55:48]} Nh5
{[%clk 1:08:34]} 11. Be4 {[%clk 0:55:17]} Bxe4 {[%clk 1:06:38]} 12. Nxe4
{[%clk 0:53:31]} d5 {[%clk 1:05:51]} 13. cxd5 {[%clk 0:52:45]} Nf4
{[%clk 1:05:49]} 14. O-O-O {[%clk 0:46:06]} Qxd5 {[%clk 1:03:56]} 15. Kb1
{[%clk 0:45:31]} Nc6 {[%clk 1:03:54]} 16. Ne2 {[%clk 0:34:11]} Nxe2
{[%clk 0:58:11]} 17. Qxe2 {[%clk 0:34:31]} Nxd4 {[%clk 0:55:27]} 18. Nc3
{[%clk 0:33:10]} Qf5+ {[%clk 0:50:57]} 19. Qe4 {[%clk 0:32:21]} c5
{[%clk 0:51:16]} 20. Qxf5 {[%clk 0:31:42]} Rxf5 {[%clk 0:51:37]} 21. Rde1
{[%clk 0:29:47]} Rg5 {[%clk 0:46:19]} 22. Rhg1 {[%clk 0:29:54]} Rf8
{[%clk 0:46:23]} 23. Ne2 {[%clk 0:20:27]} Nxe2 {[%clk 0:44:08]} 24. Rxe2
{[%clk 0:20:55]} Rxf3 {[%clk 0:44:21]} 25. Rd1 {[%clk 0:20:51]} Rf8
{[%clk 0:38:09]} 26. Rd7 {[%clk 0:20:55]} a5 {[%clk 0:35:54]} 27. Rb7
{[%clk 0:18:44]} Rg6 {[%clk 0:35:26]} 28. Kc2 {[%clk 0:17:33]} h5
{[%clk 0:34:55]} 29. g3 {[%clk 0:17:15]} Rf3 {[%clk 0:34:43]} 30. Rd7
{[%clk 0:16:07]} Kh7 {[%clk 0:29:21]} 31. Rd5 {[%clk 0:13:05]} Kh6
{[%clk 0:26:36]} 32. Re8 {[%clk 0:09:01]} Rgf6 {[%clk 0:26:54]} 33. Rh8+
{[%clk 0:08:01]} Kg6 {[%clk 0:27:20]} 34. Rhxh5 {[%clk 0:07:53]} Rf2+
{[%clk 0:26:48]} 35. Kd3 {[%clk 0:04:30]} Rxb2 {[%clk 0:25:25]} 36. Rhg5+
{[%clk 0:04:38]} Kh7 {[%clk 0:23:44]} 37. Rd7 {[%clk 0:04:47]} Rg6
{[%clk 0:23:59]} 38. Rh5+ {[%clk 0:05:04]} Kg8 {[%clk 0:24:12]} 39. Rd8+
{[%clk 0:04:25]} Kf7 {[%clk 0:24:38]} 40. Rd7+ {[%clk 0:04:29]} Ke6
{[%clk 0:24:36]} 41. Rhd5 {[%clk 0:01:21]} Rf6 {[%clk 0:23:55]} 42. g4
{[%clk 0:00:36]} Rxa2 {[%clk 0:20:43]} 43. g5 {[%clk 0:00:41]} Rf1
{[%clk 0:16:26]} 44. Kc4 {[%clk 0:00:34]} Rb2 {[%clk 0:06:18]} 45. R5d6+
{[%clk 0:00:39]} Ke5 {[%clk 0:06:26]} 46. Rd5+ {[%clk 0:01:05]} Ke4
{[%clk 0:04:53]} 47. Re7+ {[%clk 0:01:01]} Kf3 {[%clk 0:05:04]} 48. Rf5+
{[%clk 0:00:49]} Kg2 {[%clk 0:05:30]} 49. Rxf1 {[%clk 0:01:12]} Kxf1
{[%clk 0:05:58]} 50. Rxg7 {[%clk 0:01:34]} Rxh2 {[%clk 0:04:33]} 51. Rb7
{[%clk 0:01:32]} Rc2+ {[%clk 0:03:50]} 52. Kd3 {[%clk 0:01:05]} Rg2
{[%clk 0:03:30]} 53. Rxb6 {[%clk 0:01:28]} Rxg5 {[%clk 0:03:58]} 54. Ra6
{[%clk 0:01:11]} Ke1 {[%clk 0:04:07]} 55. Kc3 {[%clk 0:01:23]} a4
{[%clk 0:03:34]} 56. Rxa4 {[%clk 0:01:43]} Rg3+ {[%clk 0:04:00]} 57. Kc4
{[%clk 0:01:43]} Rg4+ {[%clk 0:04:24]} 58. Kb5 {[%clk 0:02:06]} Rxa4
{[%clk 0:04:45]} 59. Kxa4 {[%clk 0:02:35]} Kd2 {[%clk 0:05:08]} 60. Kb5
{[%clk 0:03:02]} c4 {[%clk 0:05:34]} 61. Kxc4 {[%clk 0:03:30]} 1/2-1/2

[Event "2nd Sharjah Masters International Chess Championship"]
[Site "Sharjah Culture & Chess Club"]
[Date "2018.04.19"]
[Round "9"]
[Board "23"]
[White "Sidhant, Mohapatra"]
[Black "El Jawich, Amro"]
[Result "1-0"]
[WhiteElo "2382"]
[BlackElo "2254"]
[PlyCount "0"]
[EventDate "2018.04.12"]
[EventRounds "9"]
[EventCountry "UAE"]

1. e4 {[%clk 1:30:25]} c5 {[%clk 1:30:54]} 2. Nf3 {[%clk 1:30:48]} Nc6
{[%clk 1:31:12]} 3. d4 {[%clk 1:29:58]} cxd4 {[%clk 1:31:36]} 4. Nxd4
{[%clk 1:30:24]} Nf6 {[%clk 1:31:50]} 5. Nc3 {[%clk 1:30:49]} d6 {[%clk 1:32:12]}
6. Bg5 {[%clk 1:31:08]} e6 {[%clk 1:32:16]} 7. Qd2 {[%clk 1:31:35]} a6
{[%clk 1:32:31]} 8. Nxc6 {[%clk 1:32:01]} bxc6 {[%clk 1:32:48]} 9. O-O-O
{[%clk 1:32:26]} d5 {[%clk 1:12:52]} 10. Qe3 {[%clk 1:23:23]} Be7
{[%clk 1:06:08]} 11. Bxf6 {[%clk 1:21:48]} gxf6 {[%clk 1:05:05]} 12. Bc4
{[%clk 1:21:56]} Bb7 {[%clk 0:43:41]} 13. Rhe1 {[%clk 1:19:36]} Qc7
{[%clk 0:35:24]} 14. exd5 {[%clk 1:11:36]} cxd5 {[%clk 0:35:41]} 15. Bxd5
{[%clk 1:12:02]} exd5 {[%clk 0:35:02]} 16. Rxd5 {[%clk 1:07:38]} h6
{[%clk 0:23:00]} 17. Qd4 {[%clk 0:57:11]} Rc8 {[%clk 0:13:41]} 18. Qxf6
{[%clk 0:56:39]} Bxd5 {[%clk 0:11:53]} 19. Qxh8+ {[%clk 0:56:58]} Kd7
{[%clk 0:12:21]} 20. Qd4 {[%clk 0:56:31]} Qc4 {[%clk 0:10:56]} 21. Qxd5+
{[%clk 0:56:37]} Qxd5 {[%clk 0:11:20]} 22. Nxd5 {[%clk 0:57:01]} Bc5
{[%clk 0:11:44]} 23. f3 {[%clk 0:57:02]} 1-0

[Event "2nd Sharjah Masters International Chess Championship"]
[Site "Sharjah Culture & Chess Club"]
[Date "2018.04.19"]
[Round "9"]
[Board "24"]
[White "Bharath, Subramaniyam H"]
[Black "Dhulipalla, Bala Chandra Prasad"]
[Result "1-0"]
[WhiteElo "1997"]
[BlackElo "2294"]
[PlyCount "0"]
[EventDate "2018.04.12"]
[EventRounds "9"]
[EventCountry "UAE"]

1. e4 {[%clk 1:30:56]} e5 {[%clk 1:30:53]} 2. Nf3 {[%clk 1:31:16]} Nc6
{[%clk 1:31:20]} 3. Bb5 {[%clk 1:31:38]} a6 {[%clk 1:31:05]} 4. Ba4
{[%clk 1:32:00]} Nf6 {[%clk 1:31:28]} 5. d3 {[%clk 1:32:14]} d6 {[%clk 1:30:59]}
6. c4 {[%clk 1:24:24]} g6 {[%clk 1:29:40]} 7. Nc3 {[%clk 1:24:17]} Bg7
{[%clk 1:29:20]} 8. O-O {[%clk 1:20:46]} O-O {[%clk 1:29:04]} 9. Bg5
{[%clk 1:19:17]} h6 {[%clk 1:27:29]} 10. Bh4 {[%clk 1:16:57]} g5 11. Bg3
{[%clk 1:16:42]} Bg4 {[%clk 1:15:51]} 12. h3 {[%clk 1:09:52]} Bh5
{[%clk 1:14:48]} 13. Bxc6 {[%clk 1:09:34]} bxc6 {[%clk 1:15:10]} 14. Qe2
{[%clk 1:08:50]} Bg6 {[%clk 1:00:20]} 15. Qe3 {[%clk 0:58:20]} Nh5
{[%clk 0:51:45]} 16. Bh2 {[%clk 0:57:34]} c5 {[%clk 0:51:03]} 17. a3
{[%clk 0:51:12]} a5 {[%clk 0:50:01]} 18. Rab1 {[%clk 0:48:32]} Nf4
{[%clk 0:43:50]} 19. Nd2 {[%clk 0:43:47]} Rb8 {[%clk 0:36:06]} 20. Rfd1
{[%clk 0:41:58]} Qd7 {[%clk 0:34:53]} 21. b3 {[%clk 0:35:10]} Rb7
{[%clk 0:34:06]} 22. Rb2 {[%clk 0:34:32]} Rfb8 {[%clk 0:27:46]} 23. Rdb1
{[%clk 0:32:09]} Ne6 {[%clk 0:28:14]} 24. a4 {[%clk 0:22:20]} c6 {[%clk 0:26:11]}
25. Bg3 {[%clk 0:21:33]} Nd4 {[%clk 0:25:41]} 26. Bh2 {[%clk 0:19:58]} Re8
{[%clk 0:24:02]} 27. f3 {[%clk 0:17:40]} f5 {[%clk 0:20:16]} 28. Ne2
{[%clk 0:15:28]} f4 {[%clk 0:15:20]} 29. Qf2 {[%clk 0:15:44]} Ne6
{[%clk 0:12:54]} 30. Kh1 {[%clk 0:11:32]} Bf6 {[%clk 0:13:12]} 31. Rg1
{[%clk 0:11:24]} Kh7 {[%clk 0:13:32]} 32. Rbb1 {[%clk 0:10:29]} Rf8
{[%clk 0:12:46]} 33. Rbf1 {[%clk 0:08:57]} Qc8 {[%clk 0:11:47]} 34. Qe1
{[%clk 0:08:07]} Bd8 {[%clk 0:11:49]} 35. Qf2 {[%clk 0:07:40]} Rbf7
{[%clk 0:11:15]} 36. g3 {[%clk 0:06:47]} fxg3 {[%clk 0:10:53]} 37. Bxg3
{[%clk 0:07:09]} Nf4 {[%clk 0:07:03]} 38. Bxf4 {[%clk 0:06:48]} gxf4
{[%clk 0:07:30]} 39. Qh2 {[%clk 0:06:52]} Bh4 {[%clk 0:07:20]} 40. Rg4
{[%clk 0:04:50]} Qd8 {[%clk 0:07:49]} 41. Rgg1 {[%clk 0:02:23]} Bh5
{[%clk 0:07:02]} 42. Rg2 {[%clk 0:01:49]} Qd7 {[%clk 0:07:22]} 43. Rfg1
{[%clk 0:01:41]} Re8 {[%clk 0:04:25]} 44. Rf1 {[%clk 0:01:10]} Qc8
{[%clk 0:04:43]} 45. Qg1 {[%clk 0:00:47]} Ree7 {[%clk 0:04:35]} 46. Qh2
{[%clk 0:01:09]} Qb8 {[%clk 0:04:41]} 47. Rfg1 {[%clk 0:01:04]} Qb4
{[%clk 0:04:43]} 48. Rd1 {[%clk 0:01:05]} Be1 {[%clk 0:03:32]} 49. Nxf4
{[%clk 0:01:06]} exf4 {[%clk 0:02:06]} 50. Rxe1 {[%clk 0:01:33]} Qc3
{[%clk 0:02:33]} 51. Rf2 {[%clk 0:01:01]} Qxd3 {[%clk 0:02:55]} 52. Rg1
{[%clk 0:01:28]} Qd4 {[%clk 0:02:40]} 53. Rff1 {[%clk 0:01:06]} d5
{[%clk 0:01:21]} 54. Qf2 {[%clk 0:00:47]} dxe4 {[%clk 0:00:49]} 55. fxe4
{[%clk 0:00:44]} Qe3 {[%clk 0:00:54]} 56. Kh2 {[%clk 0:00:41]} Rd7
{[%clk 0:01:04]} 57. Nf3 {[%clk 0:00:48]} Qxe4 {[%clk 0:00:55]} 58. Qg2
{[%clk 0:01:13]} Qg6 {[%clk 0:00:56]} 59. Ne5 {[%clk 0:01:31]} Qg3+
{[%clk 0:00:35]} 60. Kh1 {[%clk 0:01:25]} Qxg2+ {[%clk 0:00:34]} 61. Rxg2
{[%clk 0:01:53]} f3 {[%clk 0:00:37]} 62. Rgf2 {[%clk 0:02:16]} Rfe7
{[%clk 0:00:43]} 63. Nxd7 {[%clk 0:02:38]} Rxd7 {[%clk 0:01:12]} 64. Re1
{[%clk 0:02:54]} Rd3 {[%clk 0:00:51]} 65. Re5 {[%clk 0:03:15]} Bf7
{[%clk 0:00:36]} 66. Rf5 {[%clk 0:03:08]} Bg6 {[%clk 0:01:05]} 67. Rxc5
{[%clk 0:03:37]} Be4 {[%clk 0:00:34]} 68. Re5 {[%clk 0:03:30]} Re3
{[%clk 0:00:46]} 69. Kh2 {[%clk 0:03:42]} Re1 {[%clk 0:00:35]} 70. Kg3
{[%clk 0:03:31]} Rg1+ {[%clk 0:00:47]} 71. Kf4 {[%clk 0:03:53]} Rg2
{[%clk 0:01:03]} 72. Rf1 {[%clk 0:04:16]} Bc2 {[%clk 0:00:48]} 73. Rxf3
{[%clk 0:04:39]} Rg7 {[%clk 0:01:10]} 74. Rxa5 {[%clk 0:04:56]} Rf7+
{[%clk 0:01:23]} 75. Kg3 {[%clk 0:05:20]} Rg7+ {[%clk 0:01:40]} 76. Kf2
{[%clk 0:05:37]} Rb7 {[%clk 0:02:09]} 77. Rc5 {[%clk 0:05:41]} Bxb3
{[%clk 0:02:31]} 78. a5 {[%clk 0:05:49]} Ba4 {[%clk

[Event "2nd Sharjah Masters International Chess Championship"]
[Site "Sharjah Culture & Chess Club"]
[Date "2018.04.19"]
[Round "9"]
[Board "25"]
[White "Bhambure, Shantanu"]
[Black "Viani, Antonio Dcunha"]
[Result "0-1"]
[WhiteElo "2155"]
[BlackElo "2435"]
[PlyCount "0"]
[EventDate "2018.04.12"]
[EventRounds "9"]
[EventCountry "UAE"]

1. d4 {[%clk 1:30:57]} d6 {[%clk 1:30:35]} 2. c4 {[%clk 1:30:48]} e5
{[%clk 1:30:48]} 3. Nf3 {[%clk 1:30:53]} e4 {[%clk 1:29:20]} 4. Ng5
{[%clk 1:31:08]} Nf6 {[%clk 1:24:06]} 5. Nc3 {[%clk 1:28:49]} Qe7
{[%clk 1:22:10]} 6. Qc2 {[%clk 1:13:53]} Nc6 {[%clk 1:13:17]} 7. d5
{[%clk 0:51:57]} Nd4 {[%clk 1:10:22]} 8. Qd1 {[%clk 0:50:17]} Nf5
{[%clk 1:08:00]} 9. Qc2 {[%clk 0:42:12]} e3 {[%clk 1:01:38]} 10. f3
{[%clk 0:41:31]} h5 {[%clk 0:54:39]} 11. g3 {[%clk 0:37:33]} g6 {[%clk 0:47:23]}
12. b3 {[%clk 0:33:24]} Bg7 {[%clk 0:44:11]} 13. Bb2 {[%clk 0:33:07]} h4
{[%clk 0:36:46]} 14. Rg1 {[%clk 0:24:39]} hxg3 {[%clk 0:31:21]} 15. hxg3
{[%clk 0:25:03]} Nd4 {[%clk 0:23:38]} 16. Qd3 {[%clk 0:22:28]} Nd7
{[%clk 0:18:01]} 17. f4 {[%clk 0:16:02]} Nc5 {[%clk 0:15:00]} 18. Qd1
{[%clk 0:16:22]} Bf5 {[%clk 0:13:04]} 19. Rc1 {[%clk 0:16:40]} a5
{[%clk 0:08:32]} 20. g4 {[%clk 0:15:03]} Bc8 {[%clk 0:08:05]} 21. Na4
{[%clk 0:13:29]} Qf6 {[%clk 0:06:00]} 22. Bxd4 {[%clk 0:10:19]} Qxd4
{[%clk 0:06:01]} 23. Qxd4 {[%clk 0:10:31]} Bxd4 {[%clk 0:06:25]} 24. Nf3
{[%clk 0:10:38]} Bg7 {[%clk 0:04:49]} 25. Nxc5 {[%clk 0:10:58]} dxc5
{[%clk 0:05:17]} 26. a4 {[%clk 0:10:49]} Ra6 {[%clk 0:04:57]} 27. Kd1
{[%clk 0:10:20]} Rf6 {[%clk 0:04:32]} 28. Rc3 {[%clk 0:07:40]} Rxf4
{[%clk 0:04:22]} 29. Rxe3+ {[%clk 0:08:05]} Kf8 {[%clk 0:04:04]} 30. g5
{[%clk 0:07:30]} Bf5 {[%clk 0:03:31]} 31. Kd2 {[%clk 0:03:41]} Bb2
{[%clk 0:03:05]} 32. Bg2 {[%clk 0:02:41]} Rg4 {[%clk 0:02:51]} 33. Ke1
{[%clk 0:01:41]} Bc1 {[%clk 0:02:32]} 34. Rc3 {[%clk 0:01:23]} Bb2
{[%clk 0:02:54]} 35. Re3 {[%clk 0:01:47]} Bd4 {[%clk 0:02:10]} 36. Nxd4
{[%clk 0:01:48]} cxd4 {[%clk 0:02:35]} 37. Rf3 {[%clk 0:01:27]} Be4
{[%clk 0:02:50]} 38. Rf2 {[%clk 0:01:52]} Rxg5 {[%clk 0:02:36]} 39. Kf1
{[%clk 0:00:48]} Bxg2+ {[%clk 0:02:50]} 40. Rfxg2 {[%clk 0:01:14]} Rxg2
{[%clk 0:02:42]} 41. Kxg2 {[%clk 0:01:40]} Rh4 {[%clk 0:02:51]} 42. Kf3
{[%clk 0:01:03]} Ke7 {[%clk 0:03:07]} 43. c5 {[%clk 0:00:53]} Kf6
{[%clk 0:03:00]} 44. Rc1 {[%clk 0:00:44]} Ke5 {[%clk 0:03:04]} 45. c6
{[%clk 0:00:58]} b6 {[%clk 0:03:26]} 46. Kf2 0-1

[Event "2nd Sharjah Masters International Chess Championship"]
[Site "Sharjah Culture & Chess Club"]
[Date "2018.04.19"]
[Round "9"]
[Board "26"]
[White "Poormosavi, Seyed Kian"]
[Black "Grivas, Efstratios"]
[Result "0-1"]
[WhiteElo "2218"]
[BlackElo "2468"]
[PlyCount "0"]
[EventDate "2018.04.12"]
[EventRounds "9"]
[EventCountry "UAE"]

1. e4 e5 2. d4 Nf6 3. c4 g6 4. Nc3 Bg7 5. Nf3 {[%clk 1:32:09]} d6
{[%clk 1:32:34]} 6. Be2 {[%clk 1:32:33]} O-O {[%clk 1:32:59]} 7. d5
{[%clk 1:32:58]} a5 {[%clk 1:32:50]} 8. Bg5 {[%clk 1:33:16]} h6 {[%clk 1:30:31]}
9. Bh4 {[%clk 1:33:41]} g5 {[%clk 1:28:36]} 10. Bg3 {[%clk 1:34:06]} Nh5
{[%clk 1:28:42]} 11. O-O {[%clk 1:34:20]} Nf4 {[%clk 1:28:22]} 12. Nd2
{[%clk 1:34:37]} Qe8 {[%clk 1:20:13]} 13. Rb1 {[%clk 1:33:05]} f5
{[%clk 1:18:52]} 14. exf5 {[%clk 1:33:20]} Bxf5 {[%clk 1:18:50]} 15. Nde4
{[%clk 1:33:22]} Qg6 {[%clk 1:18:30]} 16. f3 {[%clk 1:33:03]} Nd7
{[%clk 1:18:52]} 17. Rc1 {[%clk 1:32:07]} h5 {[%clk 1:18:29]} 18. Nb5
{[%clk 1:14:14]} Rac8 {[%clk 1:12:42]} 19. Bxf4 {[%clk 1:07:35]} exf4
{[%clk 1:12:53]} 20. Nd4 {[%clk 1:07:43]} Bxe4 {[%clk 1:12:35]} 21. fxe4
{[%clk 1:08:04]} Bxd4+ {[%clk 1:12:20]} 22. Qxd4 {[%clk 1:08:30]} b6
{[%clk 1:11:23]} 23. Qd2 {[%clk 1:02:29]} Ne5 {[%clk 1:09:37]} 24. a3
{[%clk 0:57:39]} Rf7 {[%clk 1:09:17]} 25. b4 {[%clk 0:55:55]} axb4
{[%clk 1:09:43]} 26. axb4 {[%clk 0:56:21]} Rcf8 {[%clk 1:10:10]} 27. c5
{[%clk 0:54:15]} bxc5 {[%clk 1:10:03]} 28. bxc5 {[%clk 0:54:42]} g4
{[%clk 1:10:15]} 29. cxd6 {[%clk 0:54:06]} cxd6 {[%clk 1:10:39]} 30. Ba6
{[%clk 0:48:49]} f3 {[%clk 1:02:36]} 31. Rc8 {[%clk 0:48:59]} h4 {[%clk 0:53:50]}
32. Qe3 {[%clk 0:42:08]} Kg7 {[%clk 0:51:45]} 33. Rxf8 {[%clk 0:42:06]} Rxf8
{[%clk 0:52:12]} 34. Qd4 {[%clk 0:30:06]} Rf4 {[%clk 0:44:52]} 35. Qa7+
{[%clk 0:26:46]} Rf7 {[%clk 0:43:34]} 36. Qd4 Rc7 37. Rf2 {[%clk 0:21:10]} Kh7
{[%clk 0:40:54]} 38. g3 {[%clk 0:18:47]} Qh6 {[%clk 0:38:58]} 39. Bf1
{[%clk 0:18:58]} Rc1 {[%clk 0:32:44]} 40. Qa7+ {[%clk 0:17:59]} Kg6
{[%clk 0:32:29]} 41. Qe7 {[%clk 0:11:31]} Qe3 {[%clk 0:19:17]} 42. Qxd6+
{[%clk 0:11:05]} Kf7 {[%clk 0:14:08]} 43. Qe6+ {[%clk 0:11:31]} Kf8
{[%clk 0:14:36]} 44. Qf6+ {[%clk 0:08:51]} Nf7 {[%clk 0:12:07]} 45. Qf4
{[%clk 0:04:14]} Qxf4 {[%clk 0:11:04]} 46. gxf4 {[%clk 0:04:40]} Nd6
{[%clk 0:11:13]} 47. h3 {[%clk 0:04:43]} g3 {[%clk 0:04:10]} 48. Rxf3
{[%clk 0:05:09]} Nxe4 {[%clk 0:04:37]} 49. Rd3 {[%clk 0:02:28]} Nd6
{[%clk 0:02:20]} 50. Re3 {[%clk 0:02:09]} Nf5 {[%clk 0:02:44]} 51. Rd3
{[%clk 0:01:06]} Re1 {[%clk 0:02:48]} 52. d6 {[%clk 0:00:38]} Ne3
{[%clk 0:03:09]} 53. Rxe3 {[%clk 0:01:02]} Rxe3 {[%clk 0:03:36]} 54. Bb5
{[%clk 0:01:28]} Rf3 {[%clk 0:04:00]} 0-1

[Event "2nd Sharjah Masters International Chess Championship"]
[Site "Sharjah Culture & Chess Club"]
[Date "2018.04.19"]
[Round "9"]
[Board "27"]
[White "Tahbaz, Arash"]
[Black "Ma, Lin"]
[Result "1-0"]
[WhiteElo "2434"]
[BlackElo "2156"]
[PlyCount "0"]
[EventDate "2018.04.12"]
[EventRounds "9"]
[EventCountry "UAE"]

1. c4 {[%clk 1:15:54]} c5 {[%clk 1:30:29]} 2. Nf3 {[%clk 1:16:18]} Nf6
{[%clk 1:30:53]} 3. Nc3 {[%clk 1:16:40]} Nc6 {[%clk 1:28:43]} 4. g3
{[%clk 1:16:55]} d5 {[%clk 1:29:04]} 5. cxd5 {[%clk 1:17:15]} Nxd5
{[%clk 1:29:29]} 6. Bg2 {[%clk 1:17:41]} Nxc3 {[%clk 1:28:33]} 7. bxc3
{[%clk 1:18:06]} g6 {[%clk 1:28:53]} 8. h4 {[%clk 1:18:34]} Bg7 {[%clk 1:28:07]}
9. h5 {[%clk 1:18:58]} Qc7 {[%clk 1:20:31]} 10. Qa4 {[%clk 1:14:04]} Bd7
{[%clk 1:18:51]} 11. hxg6 {[%clk 1:14:26]} hxg6 {[%clk 1:17:36]} 12. Rxh8+
{[%clk 1:14:49]} Bxh8 {[%clk 1:18:02]} 13. Qh4 {[%clk 1:13:59]} O-O-O
{[%clk 1:14:09]} 14. Qc4 {[%clk 1:11:41]} Nb4 {[%clk 1:05:22]} 15. Qb3
{[%clk 0:49:33]} Be6 {[%clk 0:56:59]} 16. Qb2 {[%clk 0:49:02]} Bf5
{[%clk 0:38:06]} 17. Kf1 {[%clk 0:46:56]} Nc2 {[%clk 0:22:42]} 18. Rb1
{[%clk 0:44:41]} Na3 {[%clk 0:22:36]} 19. Ra1 {[%clk 0:42:40]} Nc2
{[%clk 0:20:25]} 20. Rb1 {[%clk 0:38:37]} Na3 {[%clk 0:18:35]} 21. Qxa3
{[%clk 0:38:50]} Bxb1 22. Ng5 {[%clk 0:30:01]} Bf6 {[%clk 0:14:10]} 23. Nxf7
{[%clk 0:26:35]} Rf8 {[%clk 0:12:50]} 24. Qxa7 {[%clk 0:26:39]} Bf5
{[%clk 0:03:58]} 25. Bd5 {[%clk 0:19:35]} e6 {[%clk 0:00:45]} 26. Bxb7+
{[%clk 0:13:30]} Kd7 {[%clk 0:01:13]} 27. Nh6 {[%clk 0:13:59]} Bh3+
{[%clk 0:01:11]} 28. Kg1 {[%clk 0:14:03]} Rb8 {[%clk 0:00:31]} 29. Qa4+
{[%clk 0:14:01]} Ke7 {[%clk 0:00:45]} 30. Bf3 {[%clk 0:13:32]} Kf8
{[%clk 0:00:34]} 31. Ng4 {[%clk 0:12:08]} Bxg4 {[%clk 0:00:43]} 32. Bxg4
{[%clk 0:12:34]} Qd6 {[%clk 0:00:32]} 33. Kg2 {[%clk 0:11:42]} Qd5+
{[%clk 0:00:36]} 34. Bf3 {[%clk 0:12:01]} Qd6 {[%clk 0:00:35]} 35. d4
{[%clk 0:12:30]} Rd8 {[%clk 0:00:34]} 36. Ba3 {[%clk 0:12:47]} Kg7
{[%clk 0:00:35]} 37. Bxc5 {[%clk 0:13:14]} Qc7 {[%clk 0:00:49]} 38. Qb3
{[%clk 0:12:55]} Re8 {[%clk 0:00:50]} 39. e3 {[%clk 0:12:34]} e5 {[%clk 0:00:47]}
40. a4 {[%clk 0:12:25]} e4 {[%clk 0:00:49]} 41. Bg4 {[%clk 0:12:54]} Rb8
{[%clk 0:00:35]} 42. Qe6 {[%clk 0:13:08]} Ra8 {[%clk 0:00:43]} 43. Bd1
{[%clk 0:12:21]} Qb7 {[%clk 0:00:43]} 44. Bc2 {[%clk 0:12:48]} Ra6
{[%clk 0:00:56]} 45. Bxe4 {[%clk 0:13:01]} 1-0